| 000 | 01114nam1a22002171i 4500 | ||
|---|---|---|---|
| 001 | rc\2318999 | ||
| 005 | 20240725224329.0 | ||
| 035 | _a(NLR Aleph) 006578101 | ||
| 090 |
_a7016514 _c7016514 |
||
| 100 | _a20110829d1977 |||y0rusy50 ca | ||
| 101 | 0 | _arus | |
| 102 | _aRU | ||
| 105 | _a z ||||| | ||
| 200 | 1 |
_aКомплексная схема развития и размещения материально-технической базы строительства на территории РСФСР в разрезе автономных республик, краев и областей на период до 1990 г. _eМарийская АССР _eШифр 3503А-3 _e[В 2 кн.] _eКн. 1-2 _fГосстрой СССР. Гл. упр. по строит. проектированию пром. предприятий и сооружений. СоюзстромстройНИИпроект. Проект. ин-т № 2 |
|
| 210 |
_aМосква _cБ. и. _d1977 |
||
| 215 |
_a2 т. _d29 |
||
| 333 | _aДСП | ||
| 801 | 0 |
_aRU _bNLR _gpsbo |
|
| 801 | 1 |
_aRU _bELAR _2rusmarc |
|
| 852 |
_aNLR _j78-50К/925 |
||
| 942 | _cBOOK | ||